Story of tracy beaker (Record no. 324951)

000 -LEADER
fixed length control field 00334 a2200133 4500
001 - CONTROL NUMBER
control field 89878
082 ## - DEWEY DECIMAL CLASSIFICATION NUMBER
Classification number 823.912 WIL
090 ## - LOCALLY ASSIGNED LC-TYPE CALL NUMBER (OCLC); LOCAL CALL NUMBER (RLIN)
-- 42335
-- 42335
100 ## - MAIN ENTRY--PERSONAL NAME
Personal name Wilson Jacqueline
245 ## - TITLE STATEMENT
Title Story of tracy beaker
Medium English
260 ## - PUBLICATION, DISTRIBUTION, ETC.
Place of publication, distribution, etc. England
Name of publisher, distributor, etc. Corgi Yearling Books
Date of publication, distribution, etc. 2011
300 ## - PHYSICAL DESCRIPTION
Extent 216 p.
740 ## - ADDED ENTRY--UNCONTROLLED RELATED/ANALYTICAL TITLE
Uncontrolled related/analytical title english-novels-fiction
942 ## - ADDED ENTRY ELEMENTS (KOHA)
Institution code [OBSOLETE] NUST-CAE
Call number prefix 823.912 WIL
Holdings
Withdrawn status Lost status Damaged status Not for loan Collection code Permanent Location Current Location Date acquired Total Checkouts Full call number Barcode Date last seen Price effective from Koha item type
          College of Aeronautical Engineering (CAE) College of Aeronautical Engineering (CAE) 04/03/2017   823.912 WIL CAE86761 04/05/2017 04/05/2017 Book
© 2023 Central Library, National University of Sciences and Technology. All Rights Reserved.